Rubber tapping technical improvement and application in China (Record no. 68022)

MARC details
000 -LEADER
fixed length control field 02400nam a2200205Ia 4500
100 ## - MAIN ENTRY--AUTHOR NAME
Personal name Xiaodi Wei
245 #0 - TITLE STATEMENT
Title Rubber tapping technical improvement and application in China
260 ## - PUBLICATION, DISTRIBUTION, ETC. (IMPRINT)
Name of publisher Proceedings of IRRDB Conference: NR Industry: Responding to Globalization, 7-8 September 2004, Kunming International Convention & Exhibition Center, China. pp.265-278.
520 ## - SUMMARY, ETC.
Summary, etc Rubber tapping technique reform and application in China began in 1971. This project was included in the development projects of the State Economic Committee, the key projects of the Agricultural Ministry, the 948 projects of the country and etc in different times. It was undertaken by the Chinese Academy of Tropical Agricultural Sciences together with the state farms bureaus of Hainan, Guangdong and Yunnan. The project includes reform and application of tapping techniques for rubber trees from the seedling trees and low-yielding grafted trees to high-yielding grafted trees, from middle and old aged tapping trees to young tapping trees, from relatively stimulation-tolerant clones to moderately stimulation-tolerant clones. Research results showed that rubber tapping with ethrel stimulation had significant effects on increasing rubber yield and tapping labor productivity, saving barks and etc. The physiological condition of the rubber trees was normal without obvious side-effects such as tapping panel dryness. The product quality conforms to the national standard. Great success has been achieved in large-scale extension and application of the reformed tapping system in the country. By the year of 2003, the reformed tapping techniques had been extended to 288 627 hectares in state farms of Hainan, Yunnan and Guangdon provinces in China which accounts for 98.0;of the total rubber plantations of the state farms, increasing 93.47 tons of dry rubber production (i.e. RMB 7.6 billion yuan of production value) accumulatively in 30 years, increasing income and saving expense of RMB 9.238 billion yuan. 116 000 tapping workers are saved only in one year of 2003, economic benefit being very significant.
650 ## - SUBJECT ADDED ENTRY--TOPICAL TERM
Topical Term Ethrel stimulation
650 ## - SUBJECT ADDED ENTRY--TOPICAL TERM
Topical Term Extension and application
650 ## - SUBJECT ADDED ENTRY--TOPICAL TERM
Topical Term Rubber tree
650 ## - SUBJECT ADDED ENTRY--TOPICAL TERM
Topical Term Tapping system
700 ## - ADDED ENTRY--PERSONAL NAME
Personal name Hanrong Cai
700 ## - ADDED ENTRY--PERSONAL NAME
Personal name Jialian Wu
700 ## - ADDED ENTRY--PERSONAL NAME
Personal name Jixian Chen
700 ## - ADDED ENTRY--PERSONAL NAME
Personal name Xianzhou Xiao
942 ## - ADDED ENTRY ELEMENTS (KOHA)
Koha item type Journals
Holdings
Withdrawn status Lost status Damaged status Not for loan Home library Current library Shelving location Date acquired Koha item type
      Journals RRII Library RRII Library Physiology 17/12/2021 Journals